FIFA FIFPro World XI 2014 - Statistics

Statistiche generali
  • Questo quiz è stato fatto 12 volte
  • Il punteggio medio è 10 su 11
Statistiche sulle risposte
Ruolo Nazione Squadra Calciatore % Corretto
Attaccante Portogallo Real Madrid Cristiano Ronaldo
100%
Attaccante Argentina Barcellona Lionel Messi
100%
Portiere Germania Bayern Monaco Manuel Neuer
100%
Difensore Spagna Real Madrid Sergio Ramos
100%
Difensore Brasile Paris Saint-Germain Thiago Silva
100%
Centrocampista Spagna Barcellona Andrés Iniesta
91%
Difensore Brasile Chelsea / Paris Saint-Germain David Luiz
91%
Centrocampista Germania Bayern Monaco / Real Madrid Toni Kroos
91%
Centrocampista Argentina Real Madrid / Manchester United Ángel Di María
82%
Attaccante Paesi Bassi Bayern Monaco Arjen Robben
82%
Difensore Germania Bayern Monaco Philipp Lahm
73%
Nessun quiz corrispondente trovato
Distribuzione punteggi
Percentuale di utenti per punteggio
Percentile per numero di risposta
I tuoi punteggi nel tempo
Non hai fatto questo quiz